000 00658nam a2200193 i 4500
001 24136
003 ES-MaACL
005 20250823004921.0
007 t|
008 021216s1917 fr ||||1| fre d
245 0 0 _aAnthologie de la chanson populaire française, anglaise et russe /
_cavec une introduction, paroles et melodies transcrites par Maurice Bouchor ; harmonisations par Jules de Brayer.
260 _aParís :
_bDelagrave,
_c1917.
300 _a203 p. :
_bil. ;
_c31 cm.
650 7 _aMúsica
_2embne
_915376
700 1 _aBrayer, Jules.
_931527
700 1 _aBouchor, Maurice.
_9148456
852 _aES-MaACL
_jG-5587
999 _c24136
_d24136